[Event "TCh-BEL 2016-17"]
[Site "masterchessopen.com Belgium BEL"]
[Date "2017.03.26"]
[Round "10.5"]
[White "Beerdsen,Thomas"]
[Black "Pel,B"]
[Result "1-0"]
[WhiteElo "2404"]
[BlackElo "2289"]

1.e4 d6 2.d4 g6 3.Nc3 Bg7 4.h4 h5 5.Be3 a6 6.a4 Nc6 7.Bc4 Nf6 8.f3 e5 9.Nge2
O-O 10.Qd2 exd4 11.Nxd4 Bd7 12.O-O-O b5 13.Nxc6 Bxc6 14.Ba2 bxa4 15.Bh6 Qb8
16.Qg5 Kh7 17.Bxg7 Kxg7 18.g4 Rh8 19.Ne2 Bd7 20.Ng3 Qb5 21.e5 Qxe5 22.Qxe5
dxe5 23.g5 Bb5 24.gxf6+ Kxf6 25.Rd5 Rhe8 26.Re1 Re7 27.c4 Bc6 28.Rc5 Bb7
29.Bb1 Rd8 30.f4 exf4 31.Nxh5+ gxh5 32.Rf5+ {#r} 1-0

[Event "TCh-BEL 2016-17"]
[Site "masterchessopen.com Belgium BEL"]
[Date "2017.03.26"]
[Round "10.6"]
[White "Rihouay,C"]
[Black "Kerigan,D"]
[Result "0-1"]
[WhiteElo "2263"]
[BlackElo "2362"]

1.e4 d6 2.d4 Nf6 3.Nc3 e5 4.Nf3 Nbd7 5.Bc4 Be7 6.O-O O-O 7.a4 c6 8.Qe2 h6
9.Rd1 Qc7 10.h3 Re8 11.d5 cxd5 12.Nxd5 Nxd5 13.Bxd5 Nf6 14.b3 Nxd5 15.Rxd5 Be6
16.Rd1 Qc3 17.Ra2 f5 18.Bb2 Qc6 19.exf5 Bxf5 20.Ba3 Be4 21.c4 Rad8 22.Rad2 Bf8
23.Re1 Bh7 24.Nh2 Re6 25.Ng4 Bf5 26.Ne3 Rg6 27.Kh2 Qe4 28.Ng4 Qf4+ 29.g3 Qg5
30.Ne3 Be6 31.Red1 Bf7 32.Qf3 Rd7 33.Nd5 Be6 34.Qe3 Qh5 35.h4 Rf7 36.Rd3 Qf5
{#R} 0-1

[Event "TCh-BEL 2016-17"]
[Site "masterchessopen.com Belgium BEL"]
[Date "2017.03.26"]
[Round "10.8"]
[White "De Wit,M"]
[Black "Blom,V"]
[Result "1-0"]
[WhiteElo "2196"]
[BlackElo "2288"]

1.e4 c6 2.d4 d5 3.Nc3 dxe4 4.Nxe4 Bf5 5.Ng3 Bg6 6.Nf3 Nd7 7.h4 h6 8.h5 Bh7
9.Bd3 Bxd3 10.Qxd3 e6 11.Bd2 Ngf6 12.Rh4 Be7 13.O-O-O b5 14.Qe2 Nd5 15.Rh3 b4
16.Ne5 Nxe5 17.dxe5 Qa5 18.Qc4 Nb6 19.Qxc6+ Kf8 20.Kb1 Qxe5 21.Be3 Rc8 22.Qb7
Rb8 23.Qxa7 Nc4 24.Bd4 Qb5 25.Ne4 Rd8 26.Rhd3 Qb8 27.Bc5 {#r} 1-0

[Event "TCh-BEL 2016-17"]
[Site "masterchessopen.com Belgium BEL"]
[Date "2017.03.26"]
[Round "10.3"]
[White "Swinkels,R"]
[Black "Claesen,P"]
[Result "1-0"]
[WhiteElo "2484"]
[BlackElo "2311"]

1.e4 e6 2.d4 d5 3.Nc3 Nc6 4.Nf3 Nf6 5.Bd3 Nb4 6.Bg5 Be7 7.e5 Nd7 8.Bxe7 Qxe7
9.O-O c5 10.dxc5 O-O 11.a3 Nxd3 12.cxd3 d4 13.Ne4 Nxc5 14.Qc2 Nd7 15.Qc7 Qd8
16.Rfc1 Nb6 17.Qd6 Nd5 18.Nxd4 Qh4 19.g3 Qg4 20.Rc4 b6 21.Nc6 Qf3 22.Ng5 Qf5
23.h4 h6 24.Rf4 Qg6 25.Qxd5 Qxg5 26.Qf3 {#r} 1-0

[Event "TCh-BEL 2016-17"]
[Site "masterchessopen.com Belgium BEL"]
[Date "2017.03.26"]
[Round "10.4"]
[White "Fontaine,Quentin"]
[Black "Roeder,M"]
[Result "0-1"]
[WhiteElo "2269"]
[BlackElo "2379"]

1.e4 c5 2.Nc3 d6 3.f4 g6 4.Nf3 Bg7 5.Bb5+ Bd7 6.Bc4 Nc6 7.O-O e6 8.f5 Qe7 9.d3
Nf6 10.Bf4 O-O 11.Qe1 Nd4 12.Qh4 d5 13.e5 Nxf5 14.Qh3 Nh5 15.Bg5 f6 16.exf6
Bxf6 17.Bxf6 Qxf6 18.Rae1 Nf4 19.Qg4 Nh6 20.Qg3 dxc4 21.Ne5 Bc6 22.Nxc6 bxc6
23.Ne4 Ne2+ {#R} 0-1

[Event "TCh-BEL 2016-17"]
[Site "masterchessopen.com Belgium BEL"]
[Date "2017.03.26"]
[Round "10.5"]
[White "Braga,F"]
[Black "Herman,J"]
[Result "1-0"]
[WhiteElo "2422"]
[BlackElo "2253"]

1.c4 c6 2.e4 d5 3.exd5 cxd5 4.d4 Nf6 5.Nc3 e6 6.Nf3 Be7 7.cxd5 Nxd5 8.Bd3 O-O
9.O-O b6 10.Nxd5 exd5 11.Ne5 Ba6 12.Bxa6 Nxa6 13.Qa4 Nc7 14.Bf4 Ne6 15.Be3 Qd6
16.Rfc1 Qb4 17.Qxb4 Bxb4 18.Rc6 Rfc8 19.Rac1 Rxc6 20.Rxc6 Rd8 21.f4 g6 22.Rxe6
fxe6 23.Nc6 Rc8 24.Nxb4 a5 25.Nd3 Rc2 26.Kf1 Kg7 27.h3 Kf6 28.g4 Ke7 29.Ke1
Kd6 30.Bd2 Rc4 31.Bc3 b5 32.a3 a4 33.Ne5 Rc8 34.Bb4+ Kc7 35.Bc5 Rg8 36.Kf2 Rb8
37.Kg3 Rg8 38.Kh4 h5 39.g5 Rg7 40.Nxg6 Rxg6 41.Kxh5 Rg8 42.h4 Rh8+ 43.Kg4 Kd7
44.g6 {#r} 1-0

[Event "TCh-BEL 2016-17"]
[Site "masterchessopen.com Belgium BEL"]
[Date "2017.03.26"]
[Round "10.7"]
[White "Vanstreels,L"]
[Black "Lion,Maurice"]
[Result "1-0"]
[WhiteElo "2105"]
[BlackElo "1840"]

1.d4 d5 2.Bf4 Nf6 3.e3 Bf5 4.c4 c6 5.Qb3 Qb6 6.c5 Qxb3 7.axb3 Bxb1 8.Rxb1 Nbd7
9.b4 a6 10.h3 g6 11.Nf3 Bg7 12.Bd3 O-O 13.g4 h5 14.Rg1 hxg4 15.hxg4 Rfe8
16.Be5 Nh7 17.Kd2 Nxe5 18.Nxe5 Bxe5 19.dxe5 Ng5 20.Ke2 Kg7 21.f4 Ne6 22.Rh1
Rh8 23.Kd2 Rag8 24.Kc3 Nf8 25.e4 e6 26.exd5 exd5 27.f5 Nh7 28.Ra1 Ng5 29.f6+
Kf8 30.b5 Ke8 31.bxa6 Rxh1 32.axb7 Kd7 33.Rxh1 Rb8 34.Ba6 Nf3 35.b4 Nxe5
36.Re1 Nxg4 37.Re7+ Kd8 38.Rxf7 Ne5 39.Rf8+ Kc7 40.Rc8+ {#r} 1-0

[Event "TCh-BEL 2016-17"]
[Site "masterchessopen.com Belgium BEL"]
[Date "2017.03.26"]
[Round "10.8"]
[White "Vandenbruaene,Andre"]
[Black "Krueger,An"]
[Result "0-1"]
[WhiteElo "1817"]
[BlackElo "2143"]

1.f4 d5 2.e3 Nf6 3.Nf3 Bg4 4.Be2 Bxf3 5.Bxf3 c6 6.b3 Nbd7 7.Bb2 Qc7 8.d4 e6
9.Nd2 Be7 10.O-O O-O 11.Qe1 Ne8 12.Qg3 f5 13.Qh3 Nd6 14.g4 Nf6 15.gxf5 exf5
16.Kh1 Rfe8 17.Rg1 Bf8 18.Rae1 Qd7 19.Ba3 Nde4 20.Nxe4 Nxe4 21.Bxe4 Rxe4
22.Bxf8 Rxf8 23.Rg3 Re7 24.Reg1 Qe6 25.Qg2 Rff7 26.h4 Qe4 27.Re1 Rf6 28.Rg1
Rh6 29.Qxe4 Rxh4+ 30.Kg2 Rxe4 31.Kf3 Re7 32.R1g2 Rh1 33.Re2 Rf1+ 34.Kg2 Rxf4
{#R} 0-1

[Event "TCh-BEL 2016-17"]
[Site "masterchessopen.com Belgium BEL"]
[Date "2017.03.26"]
[Round "10.3"]
[White "Geirnaert,S"]
[Black "Vandenbussche,T"]
[Result "1-0"]
[WhiteElo "2436"]
[BlackElo "2381"]

1.d4 d6 2.e4 Nf6 3.f3 e6 4.Be3 c5 5.dxc5 Qa5+ 6.Qd2 Qxd2+ 7.Nxd2 dxc5 8.O-O-O
Nc6 9.Nc4 Nd7 10.Nd6+ Bxd6 11.Rxd6 Nce5 12.Be2 Ke7 13.Rd2 h5 14.Nh3 b6 15.Rhd1
a6 16.Nf2 Ra7 17.f4 Ng4 18.Nxg4 hxg4 19.Bxg4 Nf6 20.Bf3 Rxh2 21.Rd6 Nd5 22.Bg1
Rh8 23.Rc6 Nxf4 24.Rxb6 Rc7 25.e5 Rd8 26.Rbd6 Rdd7 27.g3 Ng6 28.Bc6 Nxe5
29.Bxc5 Ke8 30.Bxd7+ Rxd7 31.Rxd7 Nxd7 32.Bd6 Bb7 33.c4 e5 34.Kc2 f5 35.b4 g5
36.b5 Kf7 37.a4 Be4+ 38.Kc3 f4 39.gxf4 gxf4 40.Bxe5 Nxe5 41.Re1 Nxc4 42.Rxe4
axb5 43.axb5 {#r} 1-0

[Event "TCh-BEL 2016-17"]
[Site "masterchessopen.com Belgium BEL"]
[Date "2017.03.26"]
[Round "10.4"]
[White "Coenen,M"]
[Black "Piceu,T"]
[Result "1-0"]
[WhiteElo "2393"]
[BlackElo "2363"]

1.e4 c5 2.Nf3 d6 3.d4 cxd4 4.Nxd4 Nf6 5.Nc3 a6 6.Nb3 b5 7.a4 bxa4 8.Rxa4 g6
9.e5 dxe5 10.Qf3 Ra7 11.Bb5+ Nbd7 12.O-O Qc7 13.Rc4 Qb8 14.Ba4 Rc7 15.Nc5 Bg7
16.Nd5 Rxc5 17.Rxc5 Nxd5 18.Qxd5 e6 19.Qd2 Ke7 20.Rc4 f5 21.Rd1 Nf6 22.Qa5 Nd5
23.Bg5+ Bf6 24.Rxd5 Bxg5 25.Rb4 Qa7 26.Qc5+ Qxc5 27.Rxc5 Rd8 28.g3 e4 29.Rc7+
Kd6 30.Rbc4 Bd7 31.Bxd7 Rxd7 32.R4c6+ Ke7 33.Rxd7+ Kxd7 34.Rxa6 e3 35.f4 Bf6
36.b3 g5 37.Kg2 {#r} 1-0

[Event "TCh-BEL 2016-17"]
[Site "masterchessopen.com Belgium BEL"]
[Date "2017.03.26"]
[Round "10.5"]
[White "Maenhout,T"]
[Black "Meessen,R"]
[Result "1-0"]
[WhiteElo "2392"]
[BlackElo "2293"]

1.e4 e6 2.d4 d5 3.Nd2 Nc6 4.Ngf3 Nf6 5.e5 Nd7 6.Bb5 a6 7.Bxc6 bxc6 8.Nb3 c5
9.Bg5 Be7 10.Na5 Nxe5 11.Nxe5 Bxg5 12.dxc5 O-O 13.O-O Bf6 14.f4 Qe8 15.a4 g6
16.Qd4 Bg7 17.Rae1 f6 18.Nd3 c6 19.c4 Qd7 20.cxd5 exd5 21.Qb4 Qf5 22.Qc3 Qd7
23.Nb3 a5 24.Nxa5 Qc7 25.b4 Bf5 26.Nc1 Rfe8 27.Rxe8+ Rxe8 28.b5 d4 29.Qc4+ Be6
30.Qb4 cxb5 31.axb5 Bf8 32.Ncb3 d3 33.b6 Qf7 34.Qc3 Bxb3 35.Nxb3 Qd5 36.Rc1 d2
37.Nxd2 Bxc5+ 38.Qxc5 Re1+ 39.Nf1 {#r} 1-0

[Event "TCh-BEL 2016-17"]
[Site "masterchessopen.com Belgium BEL"]
[Date "2017.03.26"]
[Round "10.6"]
[White "Ahn,M"]
[Black "Ismaili,Afrim"]
[Result "0-1"]
[WhiteElo "2255"]
[BlackElo "2374"]

1.e4 c5 2.Nf3 Nc6 3.Nc3 Nf6 4.e5 Ng4 5.Qe2 d6 6.exd6 e6 7.Nb5 Bxd6 8.Nxd6+
Qxd6 9.b3 O-O 10.h3 Nf6 11.Bb2 e5 12.O-O-O Re8 13.g4 Bd7 14.Bg2 Nd5 15.Ng5 Nf4
16.Qe4 Qh6 17.h4 Bxg4 18.Qc4 Re7 19.Bf3 Bxf3 20.Nxf3 Qd6 21.Rhg1 Nd4 22.Bxd4
cxd4 23.Rg5 Rc7 24.Qb5 Qa3+ 25.Kb1 Rxc2 26.Rxg7+ Kxg7 27.Qxe5+ f6 28.Rg1+ Ng6
{#R} 0-1

[Event "TCh-BEL 2016-17"]
[Site "masterchessopen.com Belgium BEL"]
[Date "2017.03.26"]
[Round "10.8"]
[White "Huesmann,T"]
[Black "Donovan,L"]
[Result "1-0"]
[WhiteElo "2258"]
[BlackElo "2278"]

1.e4 c5 2.Nf3 Nc6 3.c3 e6 4.d4 d5 5.e5 Bd7 6.Bd3 f6 7.Nh4 g6 8.exf6 Nxf6
9.dxc5 Ne4 10.Nf3 Nxc5 11.Bc2 Bg7 12.Be3 b6 13.O-O Ne7 14.Bd4 O-O 15.Bxg7 Kxg7
16.Re1 Nf5 17.Ne5 Bb5 18.a4 Ba6 19.Nd2 Nd7 20.Ndf3 Nxe5 21.Nxe5 Qg5 22.Nf3 Qf6
23.Bxf5 Qxf5 24.Qd4+ Kg8 25.Re5 Qf6 26.Rae1 Rae8 27.Qe3 Bc8 28.a5 Qf4 29.Qxf4
Rxf4 30.axb6 axb6 31.Rxd5 Bb7 32.Rd4 Rf5 33.Ne5 Ra8 34.f4 g5 35.fxg5 Rxg5
36.Rg4 Rxg4 37.Nxg4 Kf7 38.Ne5+ Ke7 39.Rd1 Bc8 40.Rd4 Ra1+ 41.Kf2 Rc1 42.Rb4
Rc2+ 43.Kg3 Ba6 44.Nc6+ Kf7 45.Rf4+ {#r} 1-0

[Event "TCh-BEL 2016-17"]
[Site "masterchessopen.com Belgium BEL"]
[Date "2017.03.26"]
[Round "10.3"]
[White "Bosboom,M"]
[Black "Pijpers,A"]
[Result "0-1"]
[WhiteElo "2397"]
[BlackElo "2469"]

1.Nf3 d5 2.c4 c6 3.e3 Nf6 4.Nc3 e6 5.b3 Bd6 6.Bb2 O-O 7.Rg1 e5 8.cxd5 cxd5
9.g4 d4 10.g5 dxc3 11.gxf6 cxd2+ 12.Qxd2 Qxf6 13.O-O-O Bc7 14.Ng5 Bf5 15.Bd3
Na6 16.Qc2 Nb4 17.Bxf5 Nxc2 18.Bxh7+ Kh8 19.Bxc2 Rfd8 20.Rdf1 Rac8 21.f4 Ba5
22.Bxe5 Qc6 23.Nxf7+ Kg8 24.Rxg7+ Kf8 25.Rf2 Rd2 26.Rxd2 Bxd2+ 27.Kxd2 Qxc2+
28.Ke1 Qxh2 {#R} 0-1

[Event "TCh-BEL 2016-17"]
[Site "masterchessopen.com Belgium BEL"]
[Date "2017.03.26"]
[Round "10.2"]
[White "Eliet,N"]
[Black "Van den Doel,E"]
[Result "0-1"]
[WhiteElo "2385"]
[BlackElo "2571"]

1.c4 e5 2.g3 Nf6 3.Bg2 d5 4.cxd5 Nxd5 5.Nf3 Nc6 6.O-O Nb6 7.b3 Be7 8.Bb2 f6
9.d3 Be6 10.Nbd2 Qd7 11.Rc1 O-O 12.a3 a5 13.Qc2 Rfd8 14.Rfe1 Bf8 15.Ne4 Qf7
16.Nfd2 Bd5 17.e3 Rd7 18.Nc4 Rad8 19.Bf1 Nxc4 20.dxc4 Be6 21.Nc3 Rd2 22.Qb1
Qh5 23.Bg2 Bh3 24.Nd5 Bxg2 25.Kxg2 e4 26.Rf1 Ne5 27.Bc3 Ng4 28.Qxe4 Re8
29.Qxe8 Rxf2+ 30.Rxf2 Qxe8 31.Rf3 Qe4 {#R} 0-1

[Event "TCh-BEL 2016-17"]
[Site "masterchessopen.com Belgium BEL"]
[Date "2017.03.26"]
[Round "10.3"]
[White "Popovic,Pe"]
[Black "Saiboulatov,D"]
[Result "0-1"]
[WhiteElo "2454"]
[BlackElo "2373"]

1.e4 e6 2.d4 d5 3.Nd2 Nf6 4.e5 Nfd7 5.c3 c5 6.Bd3 Nc6 7.Ne2 cxd4 8.cxd4 f6
9.exf6 Nxf6 10.Nf3 Qc7 11.O-O Bd6 12.Nc3 a6 13.Bg5 O-O 14.Bh4 Nh5 15.Rc1 g6
16.Na4 Bd7 17.Bg5 Rae8 18.Re1 Bb4 19.Re3 Qd6 20.a3 Ba5 21.Nc5 Bc8 22.Bf1 e5
23.dxe5 Nxe5 24.Nxe5 Rxe5 25.Rxe5 Qxe5 26.Bh6 Rd8 27.Qb3 Nf6 28.Nd3 Qf5 29.Bf4
b5 30.Bc7 Bxc7 31.Rxc7 Ne4 32.Qb4 Qf6 33.Qe1 Bf5 34.Qc1 Rf8 35.Rc6 Qd4 36.Rc7
g5 37.Qc6 Nd2 38.Qc5 Qxc5 39.Nxc5 Re8 40.g4 Bxg4 41.Bd3 Re1+ 42.Kg2 Bf3+
43.Kh3 h5 44.Nd7 Bg4+ 45.Kg2 Bf3+ 46.Kh3 Rg1 47.Nf6+ Kf8 48.Bf5 Bg2+ {#R} 0-1

[Event "TCh-BEL 2016-17"]
[Site "masterchessopen.com Belgium BEL"]
[Date "2017.03.26"]
[Round "10.6"]
[White "Piacentini,C"]
[Black "Wagener,Cl"]
[Result "0-1"]
[WhiteElo "2162"]
[BlackElo "2267"]

1.e4 c5 2.Nf3 e6 3.d4 cxd4 4.Nxd4 Nc6 5.Nc3 d6 6.Bb5 Bd7 7.O-O Nf6 8.Be3 Be7
9.f3 O-O 10.Qd2 a6 11.Ba4 b5 12.Nxc6 Bxc6 13.Bb3 Qc7 14.Rfd1 b4 15.Ne2 d5
16.exd5 Nxd5 17.Bxd5 Bxd5 18.Nf4 Bc4 19.b3 Bb5 20.a4 Bc6 21.Nd3 a5 22.Qf2 Bf6
23.Rab1 Rfe8 24.Bf4 e5 25.Bg3 Qc8 26.Nb2 e4 27.Nc4 Qa6 28.fxe4 Rxe4 29.Rd6 Be7
30.Rf1 Rf8 31.Rd2 Ba8 32.Bd6 Bxd6 33.Rxd6 Qb7 34.Rb6 Qe7 35.Qg3 h5 36.Nd6 Rg4
{#R} 0-1

[Event "TCh-SVK 2016-17"]
[Site "masterchessopen.com Slovakia SVK"]
[Date "2017.03.26"]
[Round "11.1"]
[White "Zetocha,C"]
[Black "Babula,V"]
[Result "0-1"]
[WhiteElo "2333"]
[BlackElo "2545"]

1.e4 c5 2.Nf3 d6 3.Bb5+ Nd7 4.c3 Nf6 5.d3 a6 6.Ba4 b5 7.Bc2 Bb7 8.Nbd2 Rc8
9.O-O Qc7 10.Re1 g6 11.Nf1 Bg7 12.Bd2 O-O 13.Qc1 Rfe8 14.Bh6 Bh8 15.Qd2 e5
16.h3 d5 17.Ng3 c4 18.dxc4 bxc4 19.Rad1 Nc5 20.Ng5 d4 21.cxd4 exd4 22.e5 Rxe5
23.Rxe5 Qxe5 24.Qxd4 Qxd4 25.Rxd4 Nh5 26.Rxc4 Nxg3 27.fxg3 Bxb2 28.Nf3 Bd5
29.Rb4 Bc3 30.Rb6 Bxa2 31.Be3 a5 32.Nd4 Ne6 33.Nc6 Kg7 34.Ba4 Rc7 35.Ra6 Bc4
36.Ra8 Bd5 37.Ra6 Rb7 38.Rb6 Rxb6 39.Bxb6 Bxc6 40.Bxc6 Bd4+ 41.Bxd4+ Nxd4 {#R}
0-1

[Event "TCh-AUT 2016-17"]
[Site "masterchessopen.com Austria AUT"]
[Date "2017.03.26"]
[Round "8.1"]
[White "Handler,L"]
[Black "Hiebler,L"]
[Result "1-0"]
[WhiteElo "2374"]
[BlackElo "2043"]
[EventType "team"]

1.Nf3 Nf6 2.g3 b6 3.Bg2 Bb7 4.O-O e6 5.c4 c5 6.b3 Be7 7.Bb2 O-O 8.e3 Nc6 9.Qe2
d5 10.d3 Rc8 11.Nc3 a6 12.Rac1 Qc7 13.cxd5 exd5 14.Rfd1 b5 15.e4 d4 16.Nd5
Nxd5 17.exd5 Nb4 18.Nxd4 Qd7 19.d6 Bf6 20.Bxb7 Rb8 21.Bg2 cxd4 22.a3 Na2
23.Rc6 Nc3 24.Bxc3 dxc3 25.Rxa6 b4 26.Bd5 bxa3 27.Qa2 Bd4 28.Rc1 Rfc8 29.Rxa3
Qxd6 30.Bc4 Rc7 31.Ra8 Rb7 32.Re1 Rxa8 33.Qxa8+ Rb8 34.Re8+ Rxe8 35.Qxe8+ Qf8
36.Bxf7+ {#r} 1-0

[Event "TCh-AUT 2016-17"]
[Site "masterchessopen.com Austria AUT"]
[Date "2017.03.26"]
[Round "8.2"]
[White "Froewis,G"]
[Black "Eisenbeiser,A"]
[Result "1-0"]
[WhiteElo "2463"]
[BlackElo "2396"]
[EventType "team"]

1.Nf3 d6 2.d4 g6 3.e4 Bg7 4.Be2 e5 5.O-O exd4 6.Nxd4 Ne7 7.Nc3 Nbc6 8.Be3 O-O
9.Qd2 Nxd4 10.Bxd4 Bxd4 11.Qxd4 Nc6 12.Qd2 Be6 13.f4 f5 14.exf5 gxf5 15.Rae1
Qf6 16.Bf3 Rae8 17.Qf2 Qd4 18.Nb5 Qg7 19.Rxe6 Rxe6 20.Bd5 Re8 21.Re1 Nd8
22.Nd4 Qf6 23.Nxe6 Nxe6 24.Qe3 Kf7 25.Qb3 Qd4+ 26.Kh1 Kf6 27.Bxe6 {#r} 1-0

[Event "1st Sharjah Masters 2017"]
[Site "masterchessopen.com Sharjah UAE"]
[Date "2017.03.25"]
[Round "3.31"]
[White "Bhakti,K"]
[Black "Deepan,C"]
[Result "0-1"]
[WhiteElo "2286"]
[BlackElo "2483"]

1.d4 Nf6 2.c4 e6 3.Nc3 Bb4 4.e3 O-O 5.Ne2 Re8 6.a3 Bf8 7.g3 d5 8.cxd5 exd5
9.Bg2 c6 10.O-O Bf5 11.f3 c5 12.g4 Be6 13.g5 Nfd7 14.f4 Nb6 15.dxc5 Bxc5 16.b4
Bf8 17.f5 Bd7 18.g6 hxg6 19.fxg6 fxg6 20.Nxd5 Nc6 21.Nxb6 axb6 22.Bd5+ Kh7
23.Bf7 Re5 24.Bb2 Qg5+ 25.Kh1 Bg4 26.Bxe5 Nxe5 27.Bd5 Rd8 28.e4 Qe3 29.Bg8+
Kxg8 30.Qxd8 Bf3+ 31.Rxf3 Qxf3+ 32.Kg1 Qe3+ 33.Kf1 Qf3+ 34.Kg1 Qe3+ 35.Kf1 Nd3
36.Qd5+ Kh7 37.Qf7 Bd6 38.Rd1 Qh3+ {#R} 0-1

[Event "Queen City IM Norm 2017"]
[Site "masterchessopen.com Manchester USA"]
[Date "2017.03.25"]
[Round "5.3"]
[White "Bregadze,L"]
[Black "Shmeliov,D"]
[Result "1-0"]
[WhiteElo "2453"]
[BlackElo "2418"]

1.d4 d5 2.c4 c6 3.Nf3 Nf6 4.Nc3 dxc4 5.a4 Bf5 6.Ne5 e6 7.f3 Bb4 8.e4 Bxe4
9.fxe4 Nxe4 10.Bd2 Qxd4 11.Nxe4 Qxe4+ 12.Qe2 Bxd2+ 13.Kxd2 Qd5+ 14.Ke1 Qa5+
15.Kf2 Nd7 16.Nxc4 Qf5+ 17.Qf3 Qxf3+ 18.gxf3 Ke7 19.Na5 Rab8 20.Ba6 bxa6
21.Nxc6+ Kf6 22.Nxb8 Rxb8 23.Rab1 Nc5 24.b3 Rb6 25.Rhd1 Nxb3 26.Rd8 Nc5 27.Rc1
Rb2+ 28.Kg3 Nxa4 29.Rc7 Nb6 30.Rf8 Nd5 31.Rfxf7+ Ke5 32.Rc5 Kd6 33.Ra5 g5
34.Rxh7 Ne3 35.Rxa6+ Ke5 36.Ra5+ Kd6 37.Rf7 Nf1+ 38.Kg4 Rg2+ 39.Kh5 Rxh2+
40.Kxg5 Ne3 41.Ra6+ Kd5 {#r} 1-0

[Event "Queen City IM Norm 2017"]
[Site "masterchessopen.com Manchester USA"]
[Date "2017.03.25"]
[Round "6.1"]
[White "Ivanov,AV USA"]
[Black "Kumar,Nikhil"]
[Result "1-0"]
[WhiteElo "2480"]
[BlackElo "2444"]

1.e4 c6 2.d4 d5 3.e5 Bf5 4.h4 h5 5.c4 e6 6.Nc3 Ne7 7.Nge2 Nd7 8.Ng3 Bg6 9.a3
Nf5 10.Nxf5 Bxf5 11.cxd5 cxd5 12.Be2 Be7 13.Bxh5 Bxh4 14.Be2 Rh7 15.Bf4 Be7
16.Rxh7 Bxh7 17.Nb5 a6 18.Nd6+ Bxd6 19.exd6 Rc8 20.Rc1 Nb6 21.Rc7 Rxc7 22.dxc7
Qc8 23.Qb3 Nd7 24.Qh3 Nf6 25.Be5 Bg6 26.Qh8+ Kd7 27.Qxg7 Ne4 28.Bd3 Kc6 29.f3
Nd6 30.Bxg6 fxg6 31.Qe7 Qxc7 32.Qxe6 Qd7 33.Qxd6+ Qxd6 34.Bxd6 Kxd6 35.Kf2 g5
36.Kg3 Ke6 37.Kg4 Kf6 38.f4 {#r} 1-0

[Event "Queen City IM Norm 2017"]
[Site "masterchessopen.com Manchester USA"]
[Date "2017.03.25"]
[Round "6.2"]
[White "Gorti,Akshita"]
[Black "Bregadze,L"]
[Result "1-0"]
[WhiteElo "2215"]
[BlackElo "2453"]

1.d4 g6 2.c4 f5 3.g3 Nf6 4.Bg2 Bg7 5.Nf3 O-O 6.O-O d6 7.Nc3 Na6 8.d5 Nc5 9.Nd4
a5 10.b3 Bd7 11.Rb1 Rc8 12.Bb2 c6 13.e3 Qe8 14.Qe2 Qf7 15.Rbd1 Nce4 16.dxc6
bxc6 17.Na4 Rb8 18.c5 Nd5 19.Rc1 Rfc8 20.Ba3 e5 21.Nf3 dxc5 22.Nd2 Nxd2
23.Qxd2 f4 24.Nxc5 Bg4 25.Rfe1 Rd8 26.Qc2 fxe3 27.fxe3 Bh6 28.Qe4 Bf5 29.Qf3
e4 30.Qf2 Bg4 31.Nxe4 Bxe3 32.Rxe3 Qxf2+ 33.Kxf2 Nxe3 34.Kxe3 Bf5 35.g4 Bd7
36.Nf6+ Kf7 37.Nxd7 Rxd7 38.Bxc6 Re8+ 39.Be4 {#r} 1-0

[Event "College Final Four 2017"]
[Site "masterchessopen.com New York USA"]
[Date "2017.03.25"]
[Round "1.1"]
[White "Robson,R"]
[Black "Vorontsov,P"]
[Result "1-0"]
[WhiteElo "2668"]
[BlackElo "2496"]
[EventType "team-tourn"]

1.e4 d5 2.exd5 Qxd5 3.Nc3 Qd6 4.d4 Nf6 5.Nf3 g6 6.Nb5 Qb6 7.Na3 c6 8.Nc4 Qd8
9.Nce5 Bg7 10.Bc4 O-O 11.O-O Nbd7 12.Nxf7 Rxf7 13.Bxf7+ Kxf7 14.Ng5+ Kg8
15.Ne6 Qb6 16.Qe2 Bh8 17.Re1 Qb5 18.Qxb5 cxb5 19.Nc7 Rb8 20.Rxe7 Nb6 21.Bf4
Bd7 22.Nxb5 Rc8 23.Nc3 Rxc3 24.bxc3 Nbd5 25.Rxd7 Nxd7 26.Bd2 N7b6 27.Kf1 Nc4
28.Ke2 b5 29.a4 a5 30.axb5 Kf7 31.Kd3 Nb2+ 32.Ke4 Nf6+ 33.Kf3 Nc4 34.b6 Nxd2+
35.Ke2 Nd7 36.Kxd2 Nxb6 37.Kd3 a4 38.c4 {#r} 1-0

[Event "College Final Four 2017"]
[Site "masterchessopen.com New York USA"]
[Date "2017.03.25"]
[Round "1.2"]
[White "Zherebukh,Y"]
[Black "Kadric,D"]
[Result "1-0"]
[WhiteElo "2605"]
[BlackElo "2544"]
[EventType "team-tourn"]

1.Nf3 d6 2.g3 e5 3.Bg2 Be7 4.O-O f5 5.d3 Nf6 6.c4 O-O 7.Nc3 Qe8 8.b4 a5 9.b5
Nbd7 10.Ba3 Qh5 11.e3 g5 12.Nd2 Qg6 13.f4 Re8 14.Qf3 Bf8 15.Rae1 Nc5 16.fxg5
Qxg5 17.Bxc5 dxc5 18.Nde4 Nxe4 19.dxe4 Be6 20.exf5 Bxc4 21.Ne4 Qh6 22.Qg4+ Qg7
23.Ng5 {#r} 1-0

[Event "College Final Four 2017"]
[Site "masterchessopen.com New York USA"]
[Date "2017.03.25"]
[Round "1.2"]
[White "Ali Marandi,C"]
[Black "Hernandez Carmenates,Hold"]
[Result "0-1"]
[WhiteElo "2497"]
[BlackElo "2506"]
[EventType "team-tourn"]

1.d4 Nf6 2.c4 e6 3.Nc3 Bb4 4.Qc2 O-O 5.Nf3 d6 6.Bd2 Nbd7 7.a3 Bxc3 8.Bxc3 Qe7
9.g3 b6 10.Bg2 Bb7 11.b3 Be4 12.Qd1 a5 13.O-O Rfd8 14.Re1 c5 15.e3 Nf8 16.Qe2
d5 17.cxd5 Bxd5 18.Nd2 Bxg2 19.Kxg2 Nd5 20.Bb2 cxd4 21.Bxd4 e5 22.Bb2 f6 23.e4
Nf4+ 24.gxf4 Ne6 25.Kg1 Nxf4 26.Qc4+ Kh8 27.Red1 Qd7 28.f3 b5 29.Qf1 Qa7+
30.Kh1 Nd3 31.Rab1 Nf2+ 32.Kg2 Nxd1 33.Rxd1 Qc5 34.Qe2 Qc2 35.Bc1 Rac8 36.Re1
h6 37.Qxb5 Rd3 38.Kh1 Rxd2 39.Bxd2 Qxd2 40.Qe2 Qxe2 41.Rxe2 Rc3 42.Rf2 Rxb3
43.f4 exf4 44.Rxf4 Rxa3 45.Rf5 Re3 46.Rxa5 Rxe4 {#R} 0-1

[Event "College Final Four 2017"]
[Site "masterchessopen.com New York USA"]
[Date "2017.03.25"]
[Round "2.1"]
[White "Le Quang Liem"]
[Black "Popilski,G"]
[Result "1-0"]
[WhiteElo "2712"]
[BlackElo "2551"]
[EventType "team-tourn"]

1.d4 Nf6 2.c4 g6 3.Nc3 d5 4.cxd5 Nxd5 5.Bd2 Bg7 6.e4 Nxc3 7.Bxc3 O-O 8.Qd2 Nc6
9.d5 Ne5 10.Be2 c6 11.f4 Nd7 12.dxc6 bxc6 13.Bxg7 Kxg7 14.O-O-O Qb6 15.Qc3+
Kg8 16.Nf3 Nf6 17.Nd2 Ba6 18.Bf3 Bb5 19.Kb1 Rfd8 20.Nb3 Rxd1+ 21.Rxd1 Ba4
22.Rd4 Bxb3 23.axb3 Rb8 24.Ka2 Ne8 25.Rc4 Qa6+ 26.Ra4 Qb6 27.b4 Nc7 28.Qc5 Ne6
29.Qxe7 Qd4 30.Be2 Qxe4 31.Rxa7 Qd5+ 32.Ka1 Nd4 33.Bd1 Nb5 34.Rd7 Ra8+ 35.Kb1
Qf5+ 36.Bc2 Qxf4 37.Qe4 Qf1+ 38.Bd1 Qf6 39.Bb3 Qf1+ 40.Rd1 Qf6 41.Bc4 Nd6
42.Qxc6 Rd8 43.Bb3 Qf5+ 44.Bc2 Qe5 45.Qc7 Qf6 46.b5 h5 47.b6 Kh7 48.b7 Nxb7
49.Qxb7 Rxd1+ 50.Bxd1 {#r} 1-0

[Event "College Final Four 2017"]
[Site "masterchessopen.com New York USA"]
[Date "2017.03.25"]
[Round "2.1"]
[White "Robson,R"]
[Black "Berczes,D"]
[Result "0-1"]
[WhiteElo "2668"]
[BlackElo "2493"]
[EventType "team-tourn"]

1.e4 e5 2.Nf3 Nc6 3.Bc4 Bc5 4.O-O Nf6 5.d3 a6 6.a4 d6 7.c3 Ba7 8.Re1 O-O 9.Bg5
h6 10.Bh4 g5 11.Bg3 Nh7 12.Qc1 Kg7 13.h4 g4 14.Nh2 Nf6 15.Nf1 Nh5 16.Ne3 Ne7
17.Qd1 Nxg3 18.fxg3 f5 19.Kf1 fxe4+ 20.Ke2 d5 21.Bb3 d4 22.Nc4 dxc3 23.d4 Bxd4
24.Rf1 cxb2 25.Ra2 Nf5 26.Qe1 Bc5 {#R} 0-1

[Event "College Final Four 2017"]
[Site "masterchessopen.com New York USA"]
[Date "2017.03.25"]
[Round "2.2"]
[White "Rambaldi,Francesco"]
[Black "Vorontsov,P"]
[Result "0-1"]
[WhiteElo "2559"]
[BlackElo "2496"]
[EventType "team-tourn"]

1.e4 e6 2.d4 d5 3.Nc3 Nf6 4.e5 Nfd7 5.f4 c5 6.Nf3 Be7 7.Be3 O-O 8.Qd2 b6 9.h4
Ba6 10.Bxa6 Nxa6 11.O-O-O b5 12.f5 b4 13.Ne2 Qa5 14.Kb1 c4 15.fxe6 fxe6 16.Ng5
Nc7 17.Nf4 Nb5 18.Qe2 Nc3+ 19.bxc3 bxc3 20.Ka1 Rfb8 21.Rb1 Rb6 22.Rb3 Ra6 {#R}
0-1